000 00771nab a2200241 u 4500
001 17792
003 HDC
007 cr bn ---aaaaa
008 210225c mydr|noo 0 a may d
040 _aHDC
245 0 _aHong Kong berhasrat import ayam dari Malaysia
260 _aMalaysia :
_bUtusan Malaysia,
_c2004
336 _atext
_2rdacontent
337 _acomputer
_2rdamedia
338 _aonline resource
_2rdacarrier
650 _ahalal product
_948
650 _aimported product
_917000
710 _aUtusan Malaysia
856 _zRequest full-text at [email protected]
942 _2lcc
942 _cNEWS
942 _kNWSO 008757
999 _c15108
_d15108